| 000 | 00000nam 2200000zi 4500 |
| 001 | 9.870482 |
| 003 | CaOODSP |
| 005 | 20240823084342 |
| 006 | m o d f |
| 007 | cr cn||||||||| |
| 008 | 190322t20192019onc o f000 0 fre d |
| 020 | |a9780660302386 |
| 040 | |aCaOODSP|bfre|erda|cCaOODSP |
| 043 | |an-cn--- |
| 086 | 1 |aH164-273/2019F-PDF |
| 245 | 00|aLigne directrice : |bexigences réglementaires associées à une identification numérique attribuée à une drogue (DIN). |
| 250 | |a[Édition de 2019/05/03]. |
| 264 | 1|aOttawa (Ontario) : |bSanté Canada = Health Canada, |c2019. |
| 264 | 4|c©2019 |
| 300 | |a1 ressource en ligne (30 pages) |
| 336 | |atexte|btxt|2rdacontent/fre |
| 337 | |ainformatique|bc|2rdamedia/fre |
| 338 | |aressource en ligne|bcr|2rdacarrier/fre |
| 500 | |aPublié aussi en anglais sous le titre : Guidance document: regulatory requirements for drug identification numbers (DINs). |
| 500 | |aTitre de la couverture. |
| 500 | |a« Date d'adoption : 2019/05/03. Date d'entrée en vigueur : 2019/05/03. » |
| 500 | |a« Date de publication : mai 2019. » |
| 500 | |a« Pub. : 180926. » |
| 692 | 07|2gccst|aMédicament |
| 710 | 1 |aCanada. |bSanté Canada. |
| 775 | 08|tGuidance document : |w(CaOODSP)9.870481 |
| 794 | |tLigne directrice : |b[Édition de 2019/06/19]|w(CaOODSP)9.874556 |
| 856 | 40|qPDF|s340 Ko|uhttps://publications.gc.ca/collections/collection_2019/sc-hc/H164-273-2019-fra.pdf |